000 00843nam a22002297a 4500
003 UA-OsUOA
001 74022
007 ta
008 20110324b un ||||| |||| 00| 0 ukr d
090 _a343.2(477)
_bК82
942 _cBK
040 _aUA-OsUOA
_bukr
_cUA-OsUOA
_dUA-OsUOA
245 _aКримінальне право України. Загальна частина.
_bПідручник
_cВідп. редактор заслужений діяч науки і техніки України, доктор юридичних наук, проф. Є.Л.Стрельцов
300 _a328 с.
955 _a2
041 _aukr
080 _a343.2(477)
020 _a978-966-
260 _aХарків
_bОдіссей
_c2010
650 7 _a343 Кримінальне право. Карні порушення
_2UDC
999 _c360313
_d360313